000 00505cam a2200193ua 4500
001 2252
008 110806n ii |||gr||||Z||||||eng
020 _a81-7457-109-4
040 _cMAIN
082 _a370.54
100 _aChaube, S. P.,
_eAuthor.
245 1 _aHistory and problems of indian education
_cby S. P. Chaube
250 _a1st.
260 _aAgra:
_bVinod pustak mandir.
300 _a438p:
_c23cm.
653 _aEducation
653 _aHistory and problems of indian education
942 _cBK
999 _c2119
_d2119